Quiz o Witoldzie Pileckim KonkursM - Statystyki

Ogólne statystyki
  • Ten quiz został rozwiązany 267 razy
  • Średni wynik to 10 z 19
Statystyki odpowiedzi
Wskazówka Odpowiedź % Poprawnych
W jakim roku się urodził 1901
100%
Gdzie przeprowadził się w wieku 9 lat Wilno
76%
W jakim roku zamordowano Witolda Pileckiego 1948
66%
Jak miała na imię jego żona Maria
66%
W jakim mieście się urodził Ołoniec
66%
Najwyższy stopień wojskowy za życia rotmistrz
66%
Jak miały na imię jego dzieci Zofia
66%
Andrzej
65%
Tożsamość, której używał podczas pobytu w obozie koncentracyjnym Tomasz Serafiński
63%
Obóz koncentracyjny, do którego zgłosił się na ochotnika Auschwitz
62%
W którym roku uciekł z obozu koncentracyjnego 1943
61%
Organizacja której był współzałożycielem Tajna Armia Polska
43%
Jego pseudonimy w wojsku Witold
41%
Stopień, na który awansowano go pośmiertnie w 2013r. pułkownik
31%
Druh
27%
Egzekutor Witolda Pileckiego Piotr Śmietański
25%
Miasto, które najpierw bronił w czasie wojny polsko-bolszewickiej Grodno
23%
Więzienie, w którym dokonano jego wyroku więzienie mokotowskie
18%
Order, który dostał za zasługi podczas wojny polsko-bolszewickiej Virtuti Militari
11%
Nie znaleziono quizów pasujących do podanych kryteriów
Rozkład punktacji
Procent ludzi z każdym wynikiem
Percentyl według liczby udzielonych odpowiedzi
Twoja historia wyników
Nie rozwiązałeś tego quizu